00406nam a2200145Ia 4500003000400000005001700004008004100021040000900062082001800071100002500089245004800114260006400162300000900226650002500235OSt20211120123600.0190216s9999||||xx |||||||||||||| ||und|| coclc a954.83bMEN/C aMenon, P Padmanabha  0aCochi Rajyacharithram /cP Padmanabha Menon bThe Mathrubhumi Printing And Publishers,c1989.aKozhikode: a855p aCochi Rajacharithram